The man who died twice / (Record no. 9925)
[ view plain ]
| 000 -LEADER | |
|---|---|
| fixed length control field | 02181ckm a22003977a 4500 |
| 001 - CONTROL NUMBER | |
| control field | 9925 |
| 003 - CONTROL NUMBER IDENTIFIER | |
| control field | FISKH |
| 005 - DATE AND TIME OF LATEST TRANSACTION | |
| control field | 20260317093934.0 |
| 008 - FIXED-LENGTH DATA ELEMENTS--GENERAL INFORMATION | |
| fixed length control field | 210927s1958 xxunnn | kneng |
| 010 ## - LIBRARY OF CONGRESS CONTROL NUMBER | |
| LC control number | 2021649255 |
| 020 ## - INTERNATIONAL STANDARD BOOK NUMBER | |
| International Standard Book Number | 9780241988244 |
| 040 ## - CATALOGING SOURCE | |
| Original cataloging agency | DLC |
| Language of cataloging | eng |
| Description conventions | dcrmg |
| Transcribing agency | DLC |
| 050 ## - LIBRARY OF CONGRESS CALL NUMBER | |
| Classification number | R6115 .S58 .M36 |
| 082 ## - DEWEY DECIMAL CLASSIFICATION NUMBER | |
| Classification number | 823.92 |
| 100 ## - MAIN ENTRY--PERSONAL NAME | |
| Personal name | Osman, Richard |
| 245 04 - TITLE STATEMENT | |
| Title | The man who died twice / |
| Remainder of title | Richard Osman |
| 260 ## - PUBLICATION, DISTRIBUTION, ETC. | |
| Place of publication, distribution, etc. | United Kingdom : |
| Name of publisher, distributor, etc. | Penguin Books, |
| Date of publication, distribution, etc. | 2021. |
| 300 ## - PHYSICAL DESCRIPTION | |
| Extent | 422 pages : |
| Dimensions | 20 cm |
| 500 ## - GENERAL NOTE | |
| General note | Title from catalog card. |
| 500 ## - GENERAL NOTE | |
| General note | Producer/Distributor: Republic Pictures. |
| 500 ## - GENERAL NOTE | |
| General note | Director: Joe Kane. |
| 500 ## - GENERAL NOTE | |
| General note | Class: Thriller. |
| 520 ## - SUMMARY, ETC. | |
| Summary, etc. | Elizabeth, Joyce, Ron and Ibrahim--the Thursday Murder Club--are still riding high off their recent real-life murder case and are looking forward to a bit of peace and quiet at Cooper's Chase, their posh retirement village. But they are out of luck. An unexpected visitor--an old pal of Elizabeth's (or perhaps more than just a pal?)--arrives, desperate for her help. He has been accused of stealing diamonds worth millions from the wrong men and he's seriously on the lam. Then, as night follows day, the first body is found. But not the last. Elizabeth, Joyce, Ron and Ibrahim are up against a ruthless murderer who wouldn't bat an eyelid at knocking off four septuagenarians. Can our four friends catch the killer before the killer catches them? And if they find the diamonds, too? Well, wouldn't that be a bonus? |
| 600 14 - SUBJECT ADDED ENTRY--PERSONAL NAME | |
| Personal name | Cameron, Rod, |
| Dates associated with a name | 1910-1983 |
| General subdivision | Performances. |
| 600 14 - SUBJECT ADDED ENTRY--PERSONAL NAME | |
| Personal name | Ralston, Vera, |
| Dates associated with a name | 1921-2003 |
| General subdivision | Performances. |
| 650 #7 - SUBJECT ADDED ENTRY--TOPICAL TERM | |
| Topical term or geographic name entry element | Thriller dramas |
| Chronological subdivision | 1950-1960. |
| Source of heading or term | lctgm |
| 650 #7 - SUBJECT ADDED ENTRY--TOPICAL TERM | |
| Topical term or geographic name entry element | Motion pictures |
| Chronological subdivision | 1950-1960. |
| Source of heading or term | lctgm |
| 655 #7 - INDEX TERM--GENRE/FORM | |
| Genre/form data or focus term | Motion picture posters |
| General subdivision | American |
| Chronological subdivision | 1950-1960. |
| Source of term | gmgpc |
| 655 #7 - INDEX TERM--GENRE/FORM | |
| Genre/form data or focus term | Prints |
| General subdivision | Color |
| Chronological subdivision | 1950-1960. |
| Source of term | gmgpc |
| 700 1# - ADDED ENTRY--PERSONAL NAME | |
| Personal name | Kane, Joseph, |
| Dates associated with a name | 1894-1975, |
| Relator term | direction. |
| 710 2# - ADDED ENTRY--CORPORATE NAME | |
| Corporate name or jurisdiction name as entry element | Republic Pictures Corporation. |
| 906 ## - LOCAL DATA ELEMENT F, LDF (RLIN) | |
| a | 0 |
| b | ibc |
| c | orignew |
| d | u |
| e | ncip |
| f | 20 |
| g | y-printpho |
| 942 ## - ADDED ENTRY ELEMENTS (KOHA) | |
| Source of classification or shelving scheme | Dewey Decimal Classification |
| Koha item type | Books |
| Suppress in OPAC | No |
| Withdrawn status | Lost status | Source of classification or shelving scheme | Damaged status | Not for loan | Collection | Home library | Current library | Shelving location | Date acquired | Total Checkouts | Full call number | Barcode | Date last seen | Copy number | Price effective from | Koha item type |
|---|---|---|---|---|---|---|---|---|---|---|---|---|---|---|---|---|
| Dewey Decimal Classification | Fiction | Footprints International School Library Network Toul Kork Campus | Footprints International School Library Network Toul Kork Campus | A TK Campus, 4th Floor, Room B401, Fiction Bookcases (1-6) | 03/17/2026 | OSM 823.92 PR6115 .S58 .M36 | 2026-0329 | 03/17/2026 | 1 | 03/17/2026 | Books |
